| 000 | 00717nam a2200217 a 4500 | ||
|---|---|---|---|
| 001 | 2928050 | ||
| 005 | 20250206183104.0 | ||
| 008 | 921203s1990 nyua b 001 0 eng d | ||
| 020 | _a0881676063 | ||
| 050 | 0 | 4 |
_aRC386.6.M34 _bB734 1990 |
| 100 | 1 | _aBradley, William G. | |
| 245 | 1 | 0 |
_aMRI atlas of the brain / _cWilliam G. Bradley, Graeme Bydder. |
| 260 |
_aNew York : _bRaven Press ; _aLondon : _bMartin Dunitz, _c1990. |
||
| 300 |
_a353 p. : _bill. ; _c31 cm. |
||
| 650 | 0 |
_aBrain _xRadiography _xAtlases. |
|
| 650 | 0 |
_aMagnetic resonance imaging _xAtlases. |
|
| 650 | 2 |
_aBrain _xradiography _xatlases. |
|
| 650 | 2 |
_aMagnetic Resonance Imaging _xatlases. |
|
| 700 | 1 |
_aBydder, Graeme _q(Graeme M.) |
|
| 942 |
_2lcc _cBK _n0 |
||
| 999 |
_c3524 _d3524 |
||